000 00439nam a2200169Ia 4500
001 1556
003 IN-NITTTR
005 20251114232916.0
008 251113s9999||||xx |||||||||||||| ||eng||
040 _beng
040 _cIN-NITTTR
041 _aeng
082 _a658.51 W587P
100 _aWhitehead, A.C.
245 0 _aPlanning, estimating and ratefixing :
_b for production engineers and students /
_cWhitehead, A.C.
942 _2ddc
_cBK
999 _c2102
_d2102